000
00293nam a2200121Ia 4500
005
20260328104304.0
008
260328s9999||||xx |||||||||||||| ||und||
100
_a
Silva, Osvaldo
245
0
_a
Prehistoria de América /
_c
Osvaldo Silva
300
_a
272 p.
650
_a
AMERICA
942
_c
BK
999
_c
10714
_d
10714